00575nam a2200157Ia 4500003000900000008004100009020002600050020002700076040001600103100002500119245008300144260003200227300002000259490003400279856010400313IN-BaIIA211028s9999 xx s 000 0 eng d a9781510609877 (Print) a9781510609884 (Online) cIIA Library aKlisnick, Annie, ed. 0aX-ray Lasers and Coherent X-ray Sources: Development and Applicationsh[eBook] aWashington, USAbSPIEc2017 aOnline resource aProceedings of SPIE; V. 10243 uhttps://www.spiedigitallibrary.org/conference-proceedings-of-spie/10243yClick Here to Access eBook